Geofyzika

Saved in:
Bibliographic Details
Main Authors: Šovan, Martin (Author), Kubáčková, Ludmila (Author)
Format: Book
Language:Slovak
Published: Bratislava : SVŠT v Bratislave, 1979
Edition:2.vyd.
Tags: Add Tag
No Tags, Be the first to tag this record!

MARC

LEADER 00000nam a22000003a 4500
001 stu95025
005 20150617225812.6
008 050715s1979----cs------------------slo-d
040 |a STU  |b slo 
041 0 |a slo 
044 |a cs 
080 |a 550.3(075.8) 
100 1 |a Šovan, Martin  |4 aut 
245 1 |a Geofyzika 
250 |a 2.vyd. 
260 |a Bratislava :  |b SVŠT v Bratislave,  |c 1979 
300 |a 307.s.;schémy 
700 1 |a Kubáčková, Ludmila  |4 aut 
996 |b 284V023330  |c V*16540/O-5970  |l VVT  |s A  |a 24  |w stu95025_0001 
996 |b 284V023393  |c V*16541/O-5970a  |l VVT  |s A  |a 24  |w stu95025_0002